| 000 | 01074cam a2200301 a 4500 | ||
|---|---|---|---|
| 001 | 15770970 | ||
| 003 | OSt | ||
| 005 | 20140310181745.0 | ||
| 008 | 090610s2008 quc b 001 0 eng | ||
| 010 | _a 2009455240 | ||
| 016 | _a20079068294 | ||
| 020 | _a9780773534070 (bound) | ||
| 035 | _a(OCoLC)ocn181492105 | ||
| 040 |
_aNLC _beng _cNLC _dBTCTA _dBAKER _dYDXCP _dC#P _dBWX _dVP@ _dIAK _dOCLCQ _dDLC |
||
| 042 | _alccopycat | ||
| 050 | 0 | 0 |
_aB 2948 _b.P568 2007 |
| 082 | 0 | 4 |
_aIB 100 _bPHI 2007 |
| 110 | _aInternational Baccalaureate Organization | ||
| 245 | 1 | 4 |
_aPhilosophy : _bguide / _cInternational Baccalaureate Organization |
| 260 |
_aCardiff Wales, United Kingdom : _bPeterson House, _cc2007. |
||
| 300 |
_a578 p. : _c30 cm. _bill. ; |
||
| 440 | _aFirst examinations 2009. | ||
| 600 | 1 | 0 |
_aHegel, Georg Wilhelm Friedrich, _d1770-1831. |
| 906 |
_a7 _bcbc _ccopycat _d2 _encip _f20 _gy-gencatlg |
||
| 942 |
_2lcc _cBK |
||
| 999 |
_c2947 _d2947 |
||